| 000 | 00652cam a22002291 4500 | ||
|---|---|---|---|
| 001 | sa 64002296 | ||
| 003 | DLC | ||
| 005 | 20260227112009.0 | ||
| 008 | 890514nuuuuuuuuio ac 000 0 ind | ||
| 010 | _asa 64002296 | ||
| 035 | _a(OCoLC)23537835 | ||
| 040 |
_aDLC _cMiU _dDLC |
||
| 042 | _apremarc | ||
| 043 | _aa-io--- | ||
| 050 | 0 | 0 |
_aBP63.I5 _bA5 |
| 110 | 1 |
_aIndonesia. _bDepartemen Penerangan |
|
| 245 | 1 | 0 | _aMakin lama makin tjinta, Muhammadijah setengah abad, 1912-1962. |
| 260 |
_a[Djakarta, _bsambutan 1963] |
||
| 300 |
_a239 p. _billus., ports., tables. _c25 cm. |
||
| 610 | 2 | 0 | _aMuhammadiyah (Organization) |
| 650 | 0 |
_aIslam _zIndonesia. |
|
| 999 |
_c57277 _d57277 |
||